00601nam a2200181Ia 4500003000400000008004100004040001600045082001700061100002800078245005400106250001700160260009800177300002400275650001900299650003000318650002800348650004300376GCL140319s9999 xx 000 0 ara d aGCL / cGCL04a669.1bش ق1 aشادى ابوسريس10aقطع المعادن / cشادى ابوسريس aالاولى aالاردن : bمكتبة المجتمع العربى للنشر والتوزيع ، c2004 a187 ص ؛ c24 سم04aالمعادن04aاشغال المعادن04aالمعادن - قطع04aالمعادن - ادوات القطع